[Event "Politiken Cup 2008"]
[Site "Helsingør DEN"]
[Date "2008.07.21"]
[Round "4.114"]
[White "Johansen, Bjørn Berg"]
[Black "Nielsen, Lasse Simoni"]
[Result "0-1"]
[WhiteElo "1290"]
[BlackElo "1888"]
[PlyCount "64"]
[EventDate "2008.07.20"]
[EventType "swiss"]
[EventRounds "9"]
[EventCountry "DEN"]
[Source "lmi"]
[SourceDate "2008.07.20"]
[WhiteTeam "Fredriksstad"]
[BlackTeam "Jetsmark"]

1. e4 e6 2. d4 d5 3. e5 c5 4. Nf3 Nc6 5. Bb5 Qb6 6. c3 Qxb5 7. Na3 Qb6 8. O-O
cxd4 9. cxd4 Nge7 10. Qd3 a6 11. Nc2 Bd7 12. Ne3 Rc8 13. a3 Na5 14. Rb1 Bb5 15.
Qd1 Bxf1 16. Nxf1 Nf5 17. b4 Nc4 18. g4 Ne7 19. Bg5 Nc6 20. Bf4 Nxa3 21. Rb2
Nb5 22. Qc2 Be7 23. Ng3 O-O 24. h4 Ncxd4 25. Qd1 Nc3 26. Qxd4 Qxd4 27. Nxd4 Rc4
28. Nde2 Nxe2+ 29. Nxe2 Rfc8 30. h5 Rxb4 31. Ra2 Rcc4 32. f3 Rxf4 0-1

[Event "Politiken Cup 2008"]
[Site "Helsingør DEN"]
[Date "2008.07.21"]
[Round "4.115"]
[White "Barene, Simon"]
[Black "Skov, Palle"]
[Result "1-0"]
[WhiteElo "1194"]
[BlackElo "1910"]
[PlyCount "95"]
[EventDate "2008.07.20"]
[EventType "swiss"]
[EventRounds "9"]
[EventCountry "DEN"]
[Source "lmi"]
[SourceDate "2008.07.20"]
[WhiteTeam "Sandness"]
[BlackTeam "Hillerød"]

1. e4 c5 2. Nf3 e6 3. d4 cxd4 4. Nxd4 a6 5. Nc3 Qc7 6. a3 Nf6 7. g3 Nc6 8. Bg2
Nxd4 9. Qxd4 Bc5 10. Qd3 O-O 11. O-O Rb8 12. Bf4 e5 13. Bg5 Bd4 14. Bxf6 gxf6
15. Nd5 Qd8 16. c3 Bc5 17. b4 Be7 18. Bh3 d6 19. Bxc8 Rxc8 20. Qf3 Rc4 21. Rfe1
Kh8 22. Re3 Rg8 23. Rd1 Rg6 24. Red3 Bf8 25. Ne3 Rc6 26. Nd5 Bh6 27. h4 Bg7 28.
Kf1 Qd7 29. Qf5 Qxf5 30. exf5 Rh6 31. Ne7 Rc4 32. Rxd6 Bf8 33. Rd8 Kg7 34. Nd5
Rh5 35. Rb8 b5 36. Rb6 a5 37. Rxb5 axb4 38. axb4 e4 39. Nf4 Kh6 40. Nxh5 Kxh5
41. Rd4 Rxc3 42. Rxe4 Rb3 43. Rb7 h6 44. b5 Bc5 45. Re2 Rf3 46. Kg2 Bxf2 47.
Kxf3 Bxg3 48. Ke3 1-0

[Event "Politiken Cup 2008"]
[Site "Helsingør DEN"]
[Date "2008.07.21"]
[Round "4.116"]
[White "Hagen, Thorolf"]
[Black "Johansen, Stian"]
[Result "0-1"]
[WhiteElo "1130"]
[BlackElo "1905"]
[PlyCount "94"]
[EventDate "2008.07.20"]
[EventType "swiss"]
[EventRounds "9"]
[EventCountry "DEN"]
[Source "lmi"]
[SourceDate "2008.07.20"]
[WhiteTeam "Kristiansand"]
[BlackTeam "Frederiksstad"]

1. e4 e6 2. d4 d5 3. Nc3 h6 4. e5 c5 5. Nf3 Nc6 6. Be3 cxd4 7. Bxd4 Nxd4 8.
Nxd4 Bc5 9. Bb5+ Bd7 10. O-O Bxb5 11. Ncxb5 a6 12. Nc3 Ne7 13. Kh1 Rc8 14. Nce2
Qc7 15. f4 b6 16. c3 h5 17. b4 Bxd4 18. cxd4 Nf5 19. Qa4+ Qc6 20. Qxa6 Ne3 21.
Rfc1 Nc4 22. b5 Ra8 23. bxc6 Rxa6 24. a4 Ke7 25. Nc3 Rc8 26. c7 Rxc7 27. Nb5
Rc8 28. Nd6 Nxd6 29. exd6+ Kd7 30. Rxc8 Kxc8 31. Rc1+ Kd7 32. Rc7+ Kxd6 33.
Rxf7 Rxa4 34. g3 Rxd4 35. Rxg7 b5 36. Rg6 Ke7 37. Rh6 Rd1+ 38. Kg2 Rd2+ 39. Kh3
b4 40. Rxh5 b3 41. Rh7+ Kf6 42. Rb7 b2 43. g4 d4 44. g5+ Kg6 45. Kg3 d3 46. h4
Re2 47. Kf3 Rh2 0-1

[Event "Politiken Cup 2008"]
[Site "Helsingør DEN"]
[Date "2008.07.21"]
[Round "4.117"]
[White "Suntharalingam, Jarani"]
[Black "Fjellengen, Baard"]
[Result "0-1"]
[WhiteElo "1000"]
[BlackElo "1900"]
[PlyCount "92"]
[EventDate "2008.07.20"]
[EventType "swiss"]
[EventRounds "9"]
[EventCountry "DEN"]
[Source "lmi"]
[SourceDate "2008.07.20"]
[WhiteTeam "OSS"]
[BlackTeam "Sarpsborg"]

1. e4 c5 2. Nf3 Nc6 3. d4 cxd4 4. Nxd4 e5 5. Nb5 d6 6. N1c3 a6 7. Na3 Nf6 8.
Bg5 Be7 9. Bxf6 Bxf6 10. Nd5 O-O 11. Bd3 Be6 12. c4 Be7 13. Nc2 f5 14. exf5
Bxf5 15. Nce3 Bxd3 16. Qxd3 Nd4 17. O-O Bh4 18. f4 Rb8 19. b3 Bf6 20. Rad1 Nc6
21. Nc2 exf4 22. Nxf4 Qb6+ 23. Kh1 Be5 24. Ne6 Rf6 25. Ng5 g6 26. Qd5+ Kh8 27.
Rxf6 Bxf6 28. Nf7+ Kg7 29. Nxd6 Rf8 30. c5 Qc7 31. Re1 Qb8 32. g3 Bc3 33. Rd1
Qc7 34. Ne3 Qe7 35. Ng2 Qe2 36. Nf4 Rxf4 37. gxf4 Nd4 38. Rg1 Nf3 39. Nf5+ Kf6
40. Qd6+ Kxf5 41. Qf8+ Ke4 42. Qe7+ Be5 43. Qxb7+ Ke3 44. Qxh7 Nxg1 45. Qxg6
Nf3 46. Qg2 Qe1+ 0-1

[Event "Politiken Cup 2008"]
[Site "Helsingør DEN"]
[Date "2008.07.21"]
[Round "4.118"]
[White "Malou, Shervin-Leon"]
[Black "Brauner, Jonathan"]
[Result "0-1"]
[WhiteElo "1344"]
[BlackElo "1894"]
[PlyCount "84"]
[EventDate "2008.07.20"]
[EventType "swiss"]
[EventRounds "9"]
[EventCountry "DEN"]
[Source "lmi"]
[SourceDate "2008.07.20"]
[WhiteTeam "Stavanger"]
[BlackTeam "BMS"]

1. e4 e5 2. Nf3 Nc6 3. Nc3 Nf6 4. Bc4 Bb4 5. d3 h6 6. Bd2 d6 7. a3 Ba5 8. h3
Be6 9. Nd5 Bxd2+ 10. Qxd2 O-O 11. O-O Bxd5 12. exd5 Ne7 13. Qb4 Qd7 14. a4
Nfxd5 15. Bxd5 Nxd5 16. Qxb7 Nf4 17. Qe4 Rab8 18. b3 a5 19. Rab1 Rb4 20. d4 f5
21. Qe3 Nd5 22. Qd2 e4 23. Nh2 Rfb8 24. Rfe1 Qc6 25. c4 Nf6 26. Qc2 Qb7 27. Re3
Rxa4 28. f4 Rb4 29. g4 a4 30. gxf5 Rxb3 31. Rbxb3 axb3 32. Qb2 Qb4 33. d5 Qxc4
34. Rg3 Kh8 35. Rg6 Qc2 36. Rg2 Qxb2 37. Rxb2 Nxd5 38. Ng4 c5 39. f6 Nxf6 40.
Ne3 d5 41. Nd1 d4 42. Kf1 c4 0-1

[Event "Politiken Cup 2008"]
[Site "Helsingør DEN"]
[Date "2008.07.21"]
[Round "4.119"]
[White "Nord, Michael"]
[Black "Hjornevik, Asbjorn"]
[Result "0-1"]
[WhiteElo "1889"]
[BlackElo "1000"]
[PlyCount "80"]
[EventDate "2008.07.20"]
[EventType "swiss"]
[EventRounds "9"]
[EventCountry "DEN"]
[Source "lmi"]
[SourceDate "2008.07.20"]
[WhiteTeam "Tårnet Svendborg"]
[BlackTeam "Sandness"]

1. e4 e6 2. d4 d5 3. Nc3 Nf6 4. e5 Nfd7 5. f4 c5 6. Nf3 Nc6 7. Be3 Qb6 8. Na4
Qa5+ 9. c3 cxd4 10. b4 Qc7 11. Nxd4 a6 12. a3 b5 13. Nb2 Ncxe5 14. fxe5 Qxc3+
15. Qd2 Qxd2+ 16. Kxd2 Nxe5 17. Rc1 Nc4+ 18. Nxc4 bxc4 19. Be2 e5 20. Nf3 f6
21. Rhd1 a5 22. Bc5 axb4 23. Bxb4 Bxb4+ 24. axb4 Bf5 25. Nh4 Be6 26. Ra1 Ke7
27. g4 g6 28. Ng2 Rhb8 29. Ne3 Rxa1 30. Rxa1 Rxb4 31. Ra7+ Kf8 32. Rxh7 d4 33.
Nd1 e4 34. Rh8+ Ke7 35. h3 c3+ 36. Kc1 Bc4 37. Rh7+ Ke6 38. Bxc4+ Rxc4 39. Nf2
d3 40. Nd1 c2 0-1

[Event "Politiken Cup 2008"]
[Site "Helsingør DEN"]
[Date "2008.07.21"]
[Round "4.120"]
[White "Nordin, Eric"]
[Black "Harders, Poul Erik"]
[Result "0-1"]
[WhiteElo "1991"]
[BlackElo "1612"]
[PlyCount "42"]
[EventDate "2008.07.20"]
[EventType "swiss"]
[EventRounds "9"]
[EventCountry "DEN"]
[Source "lmi"]
[SourceDate "2008.07.20"]
[WhiteTeam "Åstorp"]
[BlackTeam "Gladsaxe"]

1. e4 c5 2. Nc3 Nc6 3. f4 d6 4. Nf3 e6 5. Bc4 Nf6 6. O-O Be7 7. e5 dxe5 8. d3
exf4 9. Bxf4 a6 10. a4 O-O 11. Qd2 Bd6 12. Bg5 Be7 13. Rae1 Qc7 14. Qf2 b6 15.
Qh4 Nd4 16. Nxd4 cxd4 17. Rf3 dxc3 18. d4 g6 19. Rxc3 Qd8 20. Rh3 h5 21. Bh6
Ng4 0-1

[Event "Politiken Cup 2008"]
[Site "Helsingør DEN"]
[Date "2008.07.21"]
[Round "4.121"]
[White "Clausen, Jørgen"]
[Black "Boje, Tobias"]
[Result "0-1"]
[WhiteElo "1630"]
[BlackElo "1979"]
[PlyCount "90"]
[EventDate "2008.07.20"]
[EventType "swiss"]
[EventRounds "9"]
[EventCountry "DEN"]
[Source "lmi"]
[SourceDate "2008.07.20"]
[WhiteTeam "Gråsten"]
[BlackTeam "Viby"]

1. d4 d5 2. c4 e6 3. Nc3 Be7 4. Nf3 Nf6 5. Bg5 Nbd7 6. e3 O-O 7. Bd3 a6 8. O-O
dxc4 9. Bxc4 b5 10. Bd3 c5 11. dxc5 Nxc5 12. Bc2 Qb6 13. b4 Ncd7 14. a3 Bb7 15.
Ne4 Rfd8 16. Nxf6+ Bxf6 17. Bxf6 Nxf6 18. Qe2 Rac8 19. Bd1 Rc3 20. Qb2 Rdc8 21.
Nd4 h6 22. Bf3 Bxf3 23. Nxf3 Rc2 24. Qd4 Qb7 25. h3 Ne4 26. Qd3 Qa8 27. Nd4 Rd2
28. Qb1 e5 29. Nf3 Re2 30. Qd3 Rcc2 31. Rac1 Nxf2 32. Qxc2 Rxc2 33. Rxc2 Nd3
34. Rd1 e4 35. Nd4 Qa7 36. Rc6 Ne5 37. Rc8+ Kh7 38. Re8 f6 39. Nf5 Kg6 40. Re7
Qb8 41. g4 Kh7 42. Rxg7+ Kh8 43. Rc1 Nf3+ 44. Kf1 Qd8 45. Re1 Qd3+ 0-1

[Event "Politiken Cup 2008"]
[Site "Helsingør DEN"]
[Date "2008.07.21"]
[Round "4.122"]
[White "Knudsen, Joakim Holm"]
[Black "Glibstrup, Jakob"]
[Result "0-1"]
[WhiteElo "1606"]
[BlackElo "1971"]
[PlyCount "60"]
[EventDate "2008.07.20"]
[EventType "swiss"]
[EventRounds "9"]
[EventCountry "DEN"]
[Source "lmi"]
[SourceDate "2008.07.20"]
[WhiteTeam "Allerød"]
[BlackTeam "Skive"]

1. d4 Nf6 2. c4 g6 3. Nc3 Bg7 4. e4 d6 5. Nf3 O-O 6. Be2 e5 7. d5 a5 8. O-O Na6
9. b3 Nh5 10. Bd3 Nc5 11. Ne2 Nxd3 12. Qxd3 f5 13. Nd2 f4 14. h3 g5 15. Re1 g4
16. hxg4 Bxg4 17. Nf3 Nf6 18. Nh2 Bd7 19. Kf1 Nxe4 20. f3 Ng3+ 21. Kf2 Qh4 22.
Nxg3 fxg3+ 23. Ke2 gxh2 24. Bb2 e4 25. Qc2 exf3+ 26. gxf3 Rae8+ 27. Kd2 Qf2+
28. Kd3 Bf5+ 29. Re4 Bxe4+ 30. fxe4 Rf3# 0-1

[Event "Politiken Cup 2008"]
[Site "Helsingør DEN"]
[Date "2008.07.21"]
[Round "4.123"]
[White "Radovic, Slobodan"]
[Black "Sjol, Henrik"]
[Result "0-1"]
[WhiteElo "1439"]
[BlackElo "1860"]
[PlyCount "74"]
[EventDate "2008.07.20"]
[EventType "swiss"]
[EventRounds "9"]
[EventCountry "DEN"]
[Source "lmi"]
[SourceDate "2008.07.20"]
[WhiteTeam "Holbæk"]
[BlackTeam "Akademisk"]

1. d4 d5 2. c4 c6 3. Nf3 Nf6 4. Nc3 e6 5. Bg5 Nbd7 6. e3 Be7 7. Bd3 O-O 8. O-O
dxc4 9. Bxc4 b5 10. Bd3 Bb7 11. Rc1 a6 12. Bb1 Rc8 13. a3 c5 14. dxc5 Nxc5 15.
Nd4 Nd5 16. Bxe7 Qxe7 17. Qh5 g6 18. Qh6 Rfd8 19. Nce2 Nf6 20. Qh4 Nce4 21. Nf3
Rxc1 22. Rxc1 Qd6 23. Ned4 e5 24. Bxe4 Nxe4 25. Nxe5 g5 26. Qg4 Qxe5 27. h4 Re8
28. b4 Nxf2 29. Qxg5+ Qxg5 30. hxg5 Ng4 31. Re1 Rxe3 32. Rf1 Rxa3 33. Nf5 Ra2
34. Ne7+ Kf8 35. Rxf7+ Kxf7 36. g6+ hxg6 37. Nc6 Ra1# 0-1

[Event "Politiken Cup 2008"]
[Site "Helsingør DEN"]
[Date "2008.07.21"]
[Round "4.124"]
[White "Zmylon, Frederik Nielsen"]
[Black "Ryberg, Denis"]
[Result "1/2-1/2"]
[WhiteElo "1252"]
[BlackElo "1814"]
[PlyCount "54"]
[EventDate "2008.07.20"]
[EventType "swiss"]
[EventRounds "9"]
[EventCountry "DEN"]
[Source "lmi"]
[SourceDate "2008.07.20"]
[WhiteTeam "Taastrup"]
[BlackTeam "Taastrup"]

1. e4 c5 2. Nf3 Nc6 3. d4 cxd4 4. Nxd4 Nf6 5. Nc3 e5 6. Ndb5 d6 7. Bg5 a6 8.
Na3 b5 9. Nd5 Be7 10. Bxf6 Bxf6 11. c4 bxc4 12. Nxc4 Nd4 13. Rc1 O-O 14. Ncb6
Rb8 15. Nxc8 Rxc8 16. Rxc8 Qxc8 17. Bd3 Qd8 18. O-O Qa5 19. Bc4 Rb8 20. Qg4 Qd8
21. a4 Kf8 22. b4 Nc2 23. Qh5 Kg8 24. Rd1 Nxb4 25. Nxb4 g6 26. Nc6 gxh5 27.
Nxd8 Rxd8 1/2-1/2

[Event "Politiken Cup 2008"]
[Site "Helsingør DEN"]
[Date "2008.07.21"]
[Round "4.126"]
[White "Asmund, Erik"]
[Black "Torkilseng, Runar"]
[Result "1/2-1/2"]
[WhiteElo "1779"]
[BlackElo "1488"]
[PlyCount "46"]
[EventDate "2008.07.20"]
[EventType "swiss"]
[EventRounds "9"]
[EventCountry "DEN"]
[Source "lmi"]
[SourceDate "2008.07.20"]
[WhiteTeam "Gråsten"]
[BlackTeam "Direkt medlem"]

1. b4 d5 2. Bb2 e6 3. a3 Nf6 4. e3 Be7 5. c4 O-O 6. Nf3 b6 7. Be2 Bb7 8. O-O
Nbd7 9. d3 c5 10. b5 a5 11. a4 dxc4 12. dxc4 Qc7 13. h3 Rfd8 14. Nbd2 Bd6 15.
Qc2 h6 16. Bd3 Ne5 17. Nxe5 Bxe5 18. Bxe5 Qxe5 19. Rad1 Rd6 20. Be2 Rad8 21.
Nf3 Qe4 22. Qxe4 Nxe4 23. Rxd6 Rxd6 1/2-1/2

[Event "Politiken Cup 2008"]
[Site "Helsingør DEN"]
[Date "2008.07.21"]
[Round "4.127"]
[White "Mæchel, Michael"]
[Black "Kristensen, Steffen Michael"]
[Result "1-0"]
[WhiteElo "1743"]
[BlackElo "1238"]
[PlyCount "83"]
[EventDate "2008.07.20"]
[EventType "swiss"]
[EventRounds "9"]
[EventCountry "DEN"]
[Source "lmi"]
[SourceDate "2008.07.20"]
[WhiteTeam "Ålsgårde"]
[BlackTeam "Odysseus"]

1. e4 d5 2. exd5 Qxd5 3. Nc3 Qa5 4. d4 Bf5 5. Bc4 e6 6. Nf3 c6 7. O-O Nf6 8.
Bf4 Nbd7 9. Ne5 Be7 10. Bd3 Bg6 11. Nc4 Qh5 12. Nd6+ Bxd6 13. Bxd6 Qxd1 14.
Raxd1 Bxd3 15. Rxd3 O-O-O 16. Nb5 b6 17. Na3 Ne4 18. Bf4 Ndf6 19. f3 Nd6 20. c4
Nf5 21. Rfd1 h6 22. b4 Rd7 23. Be5 Rhd8 24. Nc2 Ne8 25. g4 Ne7 26. Kf2 f6 27.
Bg3 Ng6 28. a4 e5 29. a5 Kb7 30. c5 b5 31. Ke2 a6 32. dxe5 Rxd3 33. Rxd3 Rxd3
34. Kxd3 fxe5 35. Ke4 Kc8 36. Kf5 Nf4 37. Bxf4 exf4 38. Kxf4 Kd8 39. Kf5 Kd7
40. Kg6 Ke7 41. Nd4 Kd7 42. Kf7 1-0

[Event "Politiken Cup 2008"]
[Site "Helsingør DEN"]
[Date "2008.07.21"]
[Round "4.128"]
[White "Botheim, Erik"]
[Black "Jensen, Hans Askov"]
[Result "1/2-1/2"]
[WhiteElo "1000"]
[BlackElo "1630"]
[PlyCount "39"]
[EventDate "2008.07.20"]
[EventType "swiss"]
[EventRounds "9"]
[EventCountry "DEN"]
[Source "lmi"]
[SourceDate "2008.07.20"]
[WhiteTeam "1911"]
[BlackTeam "Espergærde"]

1. e4 e5 2. Nf3 Nc6 3. Bb5 a6 4. Ba4 Nf6 5. O-O Be7 6. Re1 b5 7. Bb3 O-O 8. c3
d6 9. h3 Na5 10. Bc2 c5 11. d4 Qc7 12. d5 Nb7 13. b3 a5 14. c4 Bd7 15. Nc3 bxc4
16. bxc4 Rfb8 17. a4 h6 18. Nb5 Bxb5 19. axb5 Nd7 20. Re3 1/2-1/2

[Event "Politiken Cup 2008"]
[Site "Helsingør DEN"]
[Date "2008.07.21"]
[Round "4.130"]
[White "Bendixen, Daniel"]
[Black "Werner, Gert"]
[Result "0-1"]
[WhiteElo "1523"]
[BlackElo "1952"]
[PlyCount "80"]
[EventDate "2008.07.20"]
[EventType "swiss"]
[EventRounds "9"]
[EventCountry "DEN"]
[Source "lmi"]
[SourceDate "2008.07.20"]
[WhiteTeam "Holbæk"]
[BlackTeam "KS"]

1. e4 g6 2. d4 Bg7 3. Be3 d6 4. c3 Nf6 5. Bd3 O-O 6. Nf3 Bg4 7. h3 Bxf3 8. Qxf3
e5 9. Nd2 exd4 10. cxd4 Nbd7 11. b4 c5 12. bxc5 dxc5 13. e5 cxd4 14. Bxd4 Nh5
15. Rb1 Bxe5 16. Be3 Bc3 17. Rxb7 Ne5 18. Qe4 Qxd3 19. Qxd3 Nxd3+ 20. Ke2 Nhf4+
21. Kf3 Nd5 22. Ke4 Nxe3 23. Kxd3 Bxd2 24. fxe3 Rad8+ 25. Ke2 Rfe8 26. Rf1
Rxe3+ 27. Kd1 f5 28. Rxa7 Bb4+ 29. Kc2 Rd2+ 30. Kb1 Rxg2 31. Rd1 Re1 32. Rxe1
Bxe1 33. a4 Bc3 34. a5 Rb2+ 35. Kc1 Ra2 36. a6 Bd4 37. Ra8+ Kg7 38. Kb1 Ra1+
39. Kc2 f4 40. Rd8 Bb6 0-1

[Event "Politiken Cup 2008"]
[Site "Helsingør DEN"]
[Date "2008.07.21"]
[Round "4.131"]
[White "Lynge, Torben"]
[Black "Madsen, Dennis"]
[Result "1-0"]
[WhiteElo "1864"]
[BlackElo "1518"]
[PlyCount "93"]
[EventDate "2008.07.20"]
[EventType "swiss"]
[EventRounds "9"]
[EventCountry "DEN"]
[Source "lmi"]
[SourceDate "2008.07.20"]
[WhiteTeam "LVS"]
[BlackTeam "Helsingør"]

1. e4 d5 2. exd5 Nf6 3. d4 Nxd5 4. c4 Nb4 5. Qa4+ N8c6 6. d5 b5 7. Qb3 Nd4 8.
Qc3 Nbc2+ 9. Kd1 b4 10. Qd2 e5 11. Ne2 Nxa1 12. Nxd4 exd4 13. b3 Bc5 14. Bb2
Nxb3 15. axb3 Qf6 16. f3 O-O 17. Bd3 a5 18. Qc2 g6 19. Nd2 Bf5 20. Ne4 Bxe4 21.
Bxe4 Rae8 22. Bc1 Re5 23. h4 Rfe8 24. Bg5 Rxg5 25. hxg5 Qxg5 26. g4 Qe3 27. Re1
Qc3 28. Re2 Qxc2+ 29. Rxc2 Re5 30. Rh2 f5 31. gxf5 gxf5 32. Rh5 Re7 33. Rxf5 h6
34. Rf6 Rg7 35. Rxh6 Rg1+ 36. Kc2 Rg2+ 37. Kd1 Rg1+ 38. Ke2 Rg2+ 39. Kf1 Rd2
40. Re6 Bd6 41. c5 Bf4 42. d6 Rh2 43. Kg1 Rh5 44. d7 Be3+ 45. Kf1 Rh1+ 46. Ke2
Rh2+ 47. Kd3 1-0

[Event "Politiken Cup 2008"]
[Site "Helsingør DEN"]
[Date "2008.07.21"]
[Round "4.132"]
[White "Hildenstein, Bernd"]
[Black "Dam, Vagnur"]
[Result "0-1"]
[WhiteElo "1856"]
[BlackElo "1396"]
[PlyCount "132"]
[EventDate "2008.07.20"]
[EventType "swiss"]
[EventRounds "9"]
[EventCountry "DEN"]
[Source "lmi"]
[SourceDate "2008.07.20"]
[WhiteTeam "SC Grunbach"]
[BlackTeam "Rokur"]

1. e4 c6 2. d4 d5 3. Nc3 dxe4 4. Nxe4 Bf5 5. Ng3 Bg6 6. Nf3 Nd7 7. Bd3 e6 8.
O-O Qc7 9. Be3 Ngf6 10. c4 Bd6 11. c5 Bxg3 12. fxg3 Nd5 13. Bf2 N7f6 14. Ne5
Ne4 15. Bxe4 Bxe4 16. Qg4 Bg6 17. Qh4 Qe7 18. Nxg6 fxg6 19. Qxe7+ Nxe7 20. Be3
Nd5 21. Bg5 Rf8 22. Rae1 Kd7 23. Rf3 h6 24. Bf4 Nxf4 25. Rxf4 Rxf4 26. gxf4 Rf8
27. g3 Rf5 28. Re5 Rf8 29. Kg2 b6 30. b4 bxc5 31. bxc5 Rb8 32. Re2 Rb4 33. Rd2
a5 34. Kf2 Ke7 35. g4 a4 36. Ke2 Kf6 37. Kd3 a3 38. Kc3 Rb1 39. Kc2 Rb4 40. Rd3
Rb2+ 41. Kc1 Rxa2 42. Kb1 Rb2+ 43. Kc1 Rb4 44. Rxa3 Rxd4 45. Ra6 Rc4+ 46. Kd2
Rxc5 47. Kd3 g5 48. Ra4 g6 49. h3 Rc1 50. Ke4 Rc3 51. fxg5+ Kxg5 52. Ra5+ Kf6
53. h4 Rc4+ 54. Kf3 c5 55. Ra8 Rc1 56. Rh8 c4 57. Rxh6 Kg7 58. g5 c3 59. h5 Rh1
60. Rxg6+ Kf7 61. h6 c2 62. Rg7+ Kf8 63. Rc7 c1=Q 64. Rxc1 Rxc1 65. Kf4 Kf7 66.
h7 Rh1 0-1

[Event "Politiken Cup 2008"]
[Site "Helsingør DEN"]
[Date "2008.07.21"]
[Round "4.133"]
[White "Meldal, Peter"]
[Black "Gill, Wiliam Desmond"]
[Result "0-1"]
[WhiteElo "1373"]
[BlackElo "1800"]
[PlyCount "110"]
[EventDate "2008.07.20"]
[EventType "swiss"]
[EventRounds "9"]
[EventCountry "DEN"]
[Source "lmi"]
[SourceDate "2008.07.20"]
[WhiteTeam "Taastrup"]

1. e4 c5 2. Nf3 d6 3. d4 cxd4 4. Nxd4 Nf6 5. Nc3 a6 6. f4 Qc7 7. Be3 e6 8. Be2
Be7 9. Qd2 b5 10. Bf3 Bb7 11. a3 Nbd7 12. f5 e5 13. Nb3 Nb6 14. Na5 Nc4 15.
Nxc4 Qxc4 16. b3 Qc7 17. O-O Rc8 18. Nd5 Nxd5 19. exd5 Qxc2 20. Qxc2 Rxc2 21.
Rac1 Rxc1 22. Rxc1 Kd7 23. Be4 h5 24. Kf2 h4 25. h3 Bd8 26. Kf3 g5 27. fxg6
fxg6 28. Kg4 Rg8 29. Rf1 Ke8 30. Bg5 Bc8+ 31. Kxh4 Rh8+ 32. Kg3 Bxg5 33. Bxg6+
Kd8 34. Be4 Ke7 35. Rf3 Rh4 36. Bg6 Rf4 37. Rc3 Kd8 38. Bh5 Re4 39. Bf3 Re3 40.
Rxe3 Bxe3 41. h4 Ke7 42. h5 Kf6 43. Bg4 Bb7 44. Bf3 Bg5 45. Kh3 Bc1 46. a4 bxa4
47. bxa4 Bc8+ 48. g4 Bd7 49. Bd1 Kg5 50. Kg3 Bf4+ 51. Kg2 a5 52. Kf2 Bxg4 53.
Bxg4 Kxg4 54. Ke2 Kxh5 55. Kd3 Kg4 0-1

[Event "Politiken Cup 2008"]
[Site "Helsingør DEN"]
[Date "2008.07.21"]
[Round "4.134"]
[White "Arup, Niels"]
[Black "Pallesen, Jorn"]
[Result "0-1"]
[WhiteElo "1220"]
[BlackElo "1696"]
[PlyCount "104"]
[EventDate "2008.07.20"]
[EventType "swiss"]
[EventRounds "9"]
[EventCountry "DEN"]
[Source "lmi"]
[SourceDate "2008.07.20"]
[WhiteTeam "BMS"]
[BlackTeam "Frem"]

1. d4 Nf6 2. c4 g6 3. Nc3 Bg7 4. e4 d6 5. Nf3 O-O 6. Be2 c5 7. d5 Nbd7 8. O-O
Ng4 9. Bg5 Nge5 10. Qd2 Nxf3+ 11. Bxf3 Ne5 12. Be2 Bg4 13. Bxg4 Nxg4 14. Rab1
Qd7 15. h3 Ne5 16. b3 f5 17. a3 Nf7 18. Be3 Rac8 19. Rfe1 fxe4 20. Nxe4 Qf5 21.
Ng3 Qd7 22. Ne4 Qf5 23. Ng3 Qd7 24. Ne4 Qf5 25. Ng3 Qf6 26. Ne4 Qe5 27. Bf4 Qf5
28. Ng3 Qd7 29. Ne4 h6 30. Qd3 g5 31. Be3 Ne5 32. Qe2 Qf5 33. Nd2 g4 34. hxg4
Nxg4 35. Nf3 Bf6 36. Rf1 Rf7 37. b4 b6 38. bxc5 dxc5 39. a4 Rg7 40. Rbd1 Kh8
41. Bc1 Rcg8 42. Bb2 Bxb2 43. Qxb2 Kh7 44. Rd2 Nf6 45. Nh4 Qe4 46. Qc2 Qxc2 47.
Rxc2 Rg4 48. g3 Rxh4 49. Re1 Re4 50. Rxe4 Nxe4 51. Re2 Nd6 52. Rxe7+ Rg7 0-1

[Event "Politiken Cup 2008"]
[Site "Helsingør DEN"]
[Date "2008.07.21"]
[Round "4.135"]
[White "Jorgensen, Orla Eilegaard"]
[Black "Lindgaard, Jørn"]
[Result "1-0"]
[WhiteElo "1678"]
[BlackElo "1337"]
[PlyCount "81"]
[EventDate "2008.07.20"]
[EventType "swiss"]
[EventRounds "9"]
[EventCountry "DEN"]
[Source "lmi"]
[SourceDate "2008.07.20"]
[WhiteTeam "Odysseus"]
[BlackTeam "Taastrup"]

1. f4 c5 2. Nf3 Nc6 3. b3 d5 4. e3 d4 5. exd4 cxd4 6. Bb2 Bg4 7. h3 Bf5 8. g4
Be4 9. d3 Bxf3 10. Qxf3 e6 11. Bg2 Be7 12. O-O Nf6 13. g5 Nd5 14. Bc1 g6 15.
Na3 O-O 16. Nc4 Qc7 17. h4 b5 18. Nb2 Ncb4 19. Nd1 Nxc2 20. Rb1 Qb6 21. h5 Nde3
22. Nxe3 Nxe3 23. Bxe3 dxe3 24. Kh1 f5 25. gxf6 Bxf6 26. hxg6 hxg6 27. Qg4 Kg7
28. Be4 Rh8+ 29. Kg2 Rag8 30. Qxg6+ Kf8 31. Qxg8+ Rxg8+ 32. Kf3 Bh4 33. Rbc1
Rg3+ 34. Ke2 Qa5 35. Rc2 Rg2+ 36. Bxg2 Bf2 37. Rfc1 Ke7 38. Be4 Kf6 39. Kf3 b4
40. Rh1 Qb5 41. Rc7 1-0

[Event "Politiken Cup 2008"]
[Site "Helsingør DEN"]
[Date "2008.07.21"]
[Round "4.136"]
[White "Næsborg, Jens Olav"]
[Black "Edvardsson, Hannu Kalero"]
[Result "1-0"]
[WhiteElo "1668"]
[BlackElo "1300"]
[PlyCount "97"]
[EventDate "2008.07.20"]
[EventType "swiss"]
[EventRounds "9"]
[EventCountry "DEN"]
[Source "lmi"]
[SourceDate "2008.07.20"]
[WhiteTeam "Torshavn"]

1. e4 e5 2. d4 exd4 3. Nf3 Nf6 4. e5 Nd5 5. Qxd4 c6 6. Bc4 Be7 7. O-O O-O 8. a3
Nb6 9. Bd3 d5 10. exd6 Qxd6 11. Qe4 f5 12. Qf4 Qxf4 13. Bxf4 N8d7 14. Re1 Bf6
15. c3 g6 16. Nbd2 Nc5 17. Bc2 Bd7 18. Bd6 Ne4 19. Bxf8 Kxf8 20. Nxe4 fxe4 21.
Bxe4 Re8 22. Rad1 Bg4 23. h3 Bxf3 24. Bxf3 Nc4 25. Rxe8+ Kxe8 26. Re1+ Kf7 27.
Re2 Bg5 28. a4 Bc1 29. b3 Nd2 30. Bg4 Kf8 31. Be6 Kg7 32. f4 Kf6 33. Kf2 b5 34.
axb5 cxb5 35. g4 a5 36. Bd5 a4 37. bxa4 bxa4 38. c4 a3 39. c5 Nb1 40. g5+ Kg7
41. Re1 Nc3 42. Rxc1 Nxd5 43. Ra1 Nxf4 44. Rxa3 Ne6 45. c6 Nxg5 46. c7 Ne4+ 47.
Kg2 Nd6 48. Rd3 Nc8 49. Rd8 1-0

[Event "Politiken Cup 2008"]
[Site "Helsingør DEN"]
[Date "2008.07.21"]
[Round "4.137"]
[White "Bernard, Leif"]
[Black "Mølvig, Julius"]
[Result "1-0"]
[WhiteElo "1643"]
[BlackElo "1203"]
[PlyCount "45"]
[EventDate "2008.07.20"]
[EventType "swiss"]
[EventRounds "9"]
[EventCountry "DEN"]
[Source "lmi"]
[SourceDate "2008.07.20"]
[WhiteTeam "Enkeltmedlem"]
[BlackTeam "Skovbo"]

1. e4 c6 2. d4 d5 3. Nd2 Nd7 4. e5 e6 5. Bd3 Ne7 6. f4 g6 7. Ndf3 Bg7 8. Ne2
O-O 9. g4 b6 10. h4 Bb7 11. Ng3 c5 12. c3 c4 13. Bc2 b5 14. h5 a5 15. hxg6 fxg6
16. Ng5 Ra6 17. Rxh7 b4 18. Qe2 Rb6 19. Qh2 b3 20. axb3 cxb3 21. Bxb3 Rxb3 22.
Rxg7+ Kxg7 23. Qh7# 1-0